书目信息 |
| 题名: |
美国倒计时
|
|
| 作者: | 苏言 , 董芮 主编 | |
| 分册: | ||
| 出版信息: | 南京 江苏人民出版社 2010 |
|
| 页数: | 260页 | |
| 开本: | 24cm | |
| 丛书名: | 地球危机报告丛书 | |
| 单 册: | ||
| 中图分类: | D771.28 | |
| 科图分类: | ||
| 主题词: | 社会问题--研究--美国 , 社会问题 | |
| 电子资源: | ||
| ISBN: | 978-7-214-06392-2 | |
| 000 | 01082oam2 2200301 45 | |
| 001 | 1237612903 | |
| 005 | 20120618090148.01 | |
| 010 | @a978-7-214-06392-2@dCNY29.80 | |
| 100 | @a20110822d2010 em y0chiy0110 ea | |
| 101 | 0 | @achi |
| 102 | @aCN@b320000 | |
| 105 | @aab z 000yy | |
| 106 | @ar | |
| 200 | 1 | @a美国倒计时@AMei Guo Dao Ji Shi@e无法拆除的炸弹@EWu Fa Chai Chu De Zha Dan@f苏言,董芮主编@FSu Yan, Dong Rui Zhu Bian |
| 210 | @a南京@c江苏人民出版社@d2010 | |
| 215 | @a260页@c图,地图@d24cm | |
| 225 | 2 | @a地球危机报告丛书 |
| 300 | @a黄石公园惊人真相 | |
| 330 | @a本书主要内容包括:如果冰岛火山只是预演、地狱黄石:美国终结者的秘密、黄石异象:死亡幽灵的苏醒信号、末日熔城:美国不抵抗、黑暗世纪:人类失去春天、回天之力:装在地狱里的警报器。 | |
| 461 | 0 | @12001 @a地球危机报告丛书 |
| 517 | 1 | @a无法拆除的炸弹@AWu Fa Chai Chu De Zha Dan |
| 606 | 0 | @a社会问题@x研究@y美国 |
| 606 | 0 | @a社会问题 |
| 690 | @aD771.28@v4 | |
| 701 | 0 | @a苏言@ASu Yan@4主编 |
| 701 | 0 | @a董芮@ADong Rui@4主编 |
| 801 | 0 | @aCN@bTSTCL@c20120604 |
| 905 | @b0817327-30@dD771.28@e351@f4 | |
| 美国倒计时:无法拆除的炸弹/苏言,董芮主编.-南京:江苏人民出版社,2010 |
| 260页:图,地图;24cm.-(地球危机报告丛书) |
| 黄石公园惊人真相 |
| ISBN 978-7-214-06392-2:CNY29.80 |
| 本书主要内容包括:如果冰岛火山只是预演、地狱黄石:美国终结者的秘密、黄石异象:死亡幽灵的苏醒信号、末日熔城:美国不抵抗、黑暗世纪:人类失去春天、回天之力:装在地狱里的警报器。 |
| ● |
| 相关链接 |
|
|
|
|
正题名:美国倒计时
索取号:D771.28/351
 
预约/预借
| 序号 | 登录号 | 条形码 | 馆藏地/架位号 | 状态 | 备注 |
| 1 | 0817327 | 208173279 | 第一样本阅览室/ [索取号:D771.28/351] | 在馆 | |
| 2 | 0817328 | 208173288 | 第一借阅区/ [索取号:D771.28/351] | 在馆 | |
| 3 | 0817329 | 208173297 | 第一借阅区/ [索取号:D771.28/351] | 在馆 | |
| 4 | 0817330 | 208173304 | 第一借阅区/ [索取号:D771.28/351] | 在馆 |